Devaluing to prosperity (Record no. 112685)
[ view plain ]
| 000 -LEADER | |
|---|---|
| fixed length control field | 01419nam a2200361Ia 4500 |
| 082 04 - DEWEY DECIMAL CLASSIFICATION NUMBER | |
| Classification number | 332.4/142 |
| 100 1# - MAIN ENTRY--AUTHOR NAME | |
| Personal name | Bhalla, Surjit S. |
| 245 10 - TITLE STATEMENT | |
| Title | Devaluing to prosperity |
| 260 ## - PUBLICATION, DISTRIBUTION, ETC. (IMPRINT) | |
| Place of publication | Washington, DC : |
| Name of publisher | Peterson Institute for International Economics, |
| Year of publication | 2012. |
| 300 ## - PHYSICAL DESCRIPTION | |
| Number of Pages | xviii, 263 p. |
| 650 #0 - SUBJECT ADDED ENTRY--TOPICAL TERM | |
| Topical Term | Devaluation of currency. |
| Topical Term | Economic development |
| Topical Term | International trade. |
| Topical Term | Foreign exchange rates. |
| Topical Term | Monetary policy. |
| 856 40 - ELECTRONIC LOCATION AND ACCESS | |
| Uniform Resource Identifier | http://site.ebrary.com/lib/rucke/Doc?id=10594476 |
No items available.
